000 00344nam a22001457a 4500
008 221212b ||||| |||| 00| 0 eng d
020 _a9780190262327
041 _aeng
080 _2VOLUME I
_a32
082 _a32 HOL
100 _a32
101 _aPOLITIK
245 _aTHE AMERICAN INTELLECTUAL TRADITION
_cHOLLINGER.A.D
942 _2udc
_cBK
999 _c59170
_d59170